ბათუმის შოთა რუსთაველის სახელმწიფო უნივერსიტეტის ბიბლიოთეკა

საკორპორაციო სამართლის კრებული (ბიბ.ჩანაწერი № 49346)

000 -LEADER
fixed length control field 01145nam a2200277Ia 4500
001 - CONTROL NUMBER
control field 16263
003 - CONTROL NUMBER IDENTIFIER
control field GE_BSU
008 - FIXED-LENGTH DATA ELEMENTS--GENERAL INFORMATION
fixed length control field 181216s||||||||xx |||||||||||||| ||und||
020 ## - INTERNATIONAL STANDARD BOOK NUMBER
International Standard Book Number ISBN 978-9941-10-827-3
040 ## - CATALOGING SOURCE
Transcribing agency GE_BSU
080 ## - UNIVERSAL DECIMAL CLASSIFICATION NUMBER
Universal Decimal Classification number 346.26
100 ## - MAIN ENTRY--PERSONAL NAME
Personal name გ. მახარობლიშვილი, ა. ქირია, ნ. ზუბიტაშვილი [და სხვ.]
245 ## - TITLE STATEMENT
Title საკორპორაციო სამართლის კრებული
245 ## - TITLE STATEMENT
Remainder of title ტ.2
245 ## - TITLE STATEMENT
Statement of responsibility, etc. რედ. ირაკლი ბურდული
260 ## - PUBLICATION, DISTRIBUTION, ETC.
Place of publication, distribution, etc. თბილისი.
260 ## - PUBLICATION, DISTRIBUTION, ETC.
Name of publisher, distributor, etc. მერიდიანი
260 ## - PUBLICATION, DISTRIBUTION, ETC.
Date of publication, distribution, etc. 2014
300 ## - PHYSICAL DESCRIPTION
Extent 342გვ;24სმ.
300 ## - PHYSICAL DESCRIPTION
Other physical details ბიბლიოგრ.: გვ. 335-339
653 ## - INDEX TERM--UNCONTROLLED
Uncontrolled term საკორპორაციო სამართლის კრებული
653 ## - INDEX TERM--UNCONTROLLED
Uncontrolled term სამართალი
653 ## - INDEX TERM--UNCONTROLLED
Uncontrolled term სამართლის ეკონომიკური ანალიზი და მისი მეთოდოლოგიური საზღვრები
942 ## - ADDED ENTRY ELEMENTS (KOHA)
Koha item type წიგნი
ეგზემპლარები
Withdrawn status Lost status Damaged status Not for loan Date acquired Barcode Date last seen Price effective from Koha item type
        2018-12-17 40716 2018-12-17 2018-12-17 წიგნი
        2018-12-17 40717 2018-12-17 2018-12-17 წიგნი